Redefining the state in Latin America /

Se estudia la modernización del estado y las estrategias de desarrollo que han adoptado los países de América Latina: entre las más importantes están la transformación del aparato productivo, crédito y finaciamiento de nuevos mercados, la incorporación de los sectores pobres a la economía, entre otr...

Ausführliche Beschreibung

Gespeichert in:
Bibliographische Detailangaben
1. Verfasser: Bradford, Colin I
Format: Unbekannt
Veröffentlicht: París: OECD
Schlagworte:
Tags: Tag hinzufügen
Keine Tags, Fügen Sie den ersten Tag hinzu!

MARC

LEADER 00000 a2200000 04500
001 4646
003
008 991231s d
040
090 |a 118201  
100 |a Bradford, Colin I  
245 |a Redefining the state in Latin America /  |c Colin I Bradford 
260 |a París:   |b OECD  
300 |a 273 p  
520 |a Se estudia la modernización del estado y las estrategias de desarrollo que han adoptado los países de América Latina: entre las más importantes están la transformación del aparato productivo, crédito y finaciamiento de nuevos mercados, la incorporación de los sectores pobres a la economía, entre otros. HB/hmbq  
650 |a ESTADO  
650 |a MODERNIZACION  
650 |a ESTRATEGIA DEL DESARROLLO  
650 |a EXPORTACIONES  
650 |a CIENCIA Y TECNOLOGIA  
999 |c 15555  |d 15555